Random Date to Day of the Week - Statistics

General Stats
  • This quiz has been taken 183 times
  • The average score is 5 of 20
Answer Stats
Question Answer % Correct
01.07.1940 Monday
67%
12.07.1902 Saturday
67%
18.01.2033 Tuesday
64%
23.06.1980 Monday
57%
08.11.2025 Saturday
50%
16.07.2056 Sunday
50%
28.08.1930 Thursday
50%
17.11.2076 Tuesday
50%
18.11.2099 Wednesday
50%
14.12.1919 Sunday
44%
03.12.1971 Friday
43%
17.01.1982 Sunday
43%
13.01.2036 Sunday
43%
23.12.2003 Tuesday
43%
08.06.2044 Wednesday
43%
08.04.2022 Friday
40%
06.06.1932 Monday
40%
28.02.1944 Monday
40%
02.04.1988 Saturday
40%
06.07.2002 Saturday
40%
14.11.2027 Sunday
40%
13.07.2073 Thursday
40%
21.08.2014 Thursday
40%
25.07.1907 Thursday
40%
28.09.2029 Friday
38%
19.12.1932 Monday
38%
18.11.2013 Monday
38%
16.10.2088 Saturday
38%
03.12.2099 Thursday
38%
25.10.2077 Monday
33%
08.01.1990 Monday
33%
27.10.1928 Saturday
33%
14.01.2034 Saturday
33%
25.09.2066 Saturday
33%
06.01.1951 Saturday
33%
31.08.1918 Saturday
33%
23.06.1929 Sunday
33%
15.12.1966 Thursday
33%
24.06.2053 Tuesday
33%
14.11.2079 Tuesday
33%
20.12.2051 Wednesday
33%
03.09.2081 Wednesday
33%
24.03.1954 Wednesday
33%
21.07.1984 Saturday
31%
15.04.1920 Thursday
30%
10.03.1936 Tuesday
30%
11.05.2007 Friday
29%
06.07.2074 Friday
29%
16.05.2002 Thursday
29%
26.09.2012 Wednesday
29%
21.10.2048 Wednesday
29%
20.07.2042 Sunday
27%
09.10.2054 Friday
25%
07.07.1911 Friday
25%
13.08.1965 Friday
25%
24.02.2045 Friday
25%
28.12.2068 Friday
25%
06.10.1916 Friday
25%
11.07.2011 Monday
25%
04.12.1989 Monday
25%
02.02.1924 Saturday
25%
24.05.1908 Sunday
25%
01.06.1975 Sunday
25%
24.08.2031 Sunday
25%
21.12.2073 Thursday
25%
29.09.2067 Thursday
25%
18.07.1946 Thursday
25%
15.09.2082 Tuesday
25%
21.11.2034 Tuesday
25%
16.04.2019 Tuesday
25%
14.05.1912 Tuesday
25%
28.04.2027 Wednesday
22%
10.04.2082 Friday
20%
28.05.2029 Monday
20%
15.07.1989 Saturday
20%
07.12.1952 Sunday
20%
17.03.1946 Sunday
20%
01.07.2021 Thursday
20%
22.06.2004 Tuesday
20%
15.06.1955 Wednesday
20%
25.02.1942 Wednesday
20%
09.01.2044 Saturday
18%
03.08.1995 Thursday
18%
02.03.2050 Wednesday
18%
12.04.2030 Friday
17%
20.09.1954 Monday
17%
09.05.2082 Saturday
17%
02.10.2016 Sunday
17%
25.06.1907 Tuesday
17%
25.02.1941 Tuesday
17%
03.12.2081 Wednesday
17%
09.12.2071 Wednesday
17%
28.06.1959 Sunday
14%
11.10.1981 Sunday
14%
07.02.2083 Sunday
14%
11.08.1957 Sunday
14%
31.03.1981 Tuesday
14%
21.10.2036 Tuesday
14%
20.12.1932 Tuesday
14%
22.01.2081 Wednesday
14%
08.10.1993 Friday
13%
07.01.2056 Friday
13%
13.05.2045 Saturday
13%
22.05.1901 Wednesday
13%
27.01.1926 Wednesday
13%
18.01.2071 Sunday
11%
30.04.1959 Thursday
11%
02.05.1946 Thursday
11%
30.06.1998 Tuesday
11%
09.07.1909 Friday
10%
10.04.2032 Saturday
10%
21.08.1959 Friday
0%
13.12.2030 Friday
0%
25.11.2005 Friday
0%
05.12.1986 Friday
0%
03.09.1951 Monday
0%
03.06.1957 Monday
0%
26.09.1938 Monday
0%
28.10.2030 Monday
0%
22.07.2086 Monday
0%
07.09.1981 Monday
0%
21.11.1960 Monday
0%
05.11.2096 Monday
0%
14.01.1939 Saturday
0%
02.06.1951 Saturday
0%
17.01.2082 Saturday
0%
16.02.1992 Sunday
0%
05.04.2093 Sunday
0%
07.08.1952 Thursday
0%
22.02.1968 Thursday
0%
06.12.1990 Thursday
0%
17.12.2015 Thursday
0%
22.06.2045 Thursday
0%
24.03.1964 Tuesday
0%
19.03.1935 Tuesday
0%
05.09.1978 Tuesday
0%
02.02.2095 Wednesday
0%
27.05.2043 Wednesday
0%
13.01.2027 Wednesday
0%
19.01.1938 Wednesday
0%
No matching quizzes found
Score Distribution
Percent of People with Each Score
Percentile by Number Answered
Your Score History
You have not taken this quiz